[Event "Vienna Advent op"]
[Site "Vienna"]
[Date "2022.12.05"]
[Round "1"]
[White "Merei, David"]
[Black "Pastar, Slaven"]
[Result "0-1"]
[WhiteElo "1895"]
[BlackElo "2365"]
[PlyCount "78"]
[EventDate "2022.12.05"]
[EventType "tourn"]
[EventRounds "7"]
[EventCountry "AUT"]
[SourceTitle "CBM 211 Extra"]
[Source "ChessBase"]
[SourceDate "2023.01.31"]
[SourceVersion "1"]
[SourceVersionDate "2023.01.31"]
[SourceQuality "1"]

1. d4 b6 2. e4 Bb7 3. Nc3 e6 4. a3 Nf6 5. Bd3 c5 6. dxc5 bxc5 7. Nf3 Qc7 8. Qe2 d6 9. 0-0 Nbd7 10. Bb5 a6 11. Bxd7+ Nxd7 12. Bf4 Be7 13. Rad1 Rd8 14. Rfe1 0-0 15. Nb1 h6 16. c4 e5 17. Bc1 f5 18. Nc3 fxe4 19. Nxe4 Rf7 20. Qd3 Nf8 21. Be3 Ne6 22. Nfd2 Nd4 23. Bxd4 exd4 24. Rc1 Rdf8 25. Rf1 Qc6 26. f3 a5 27. Rb1 d5 28. cxd5 Qxd5 29. Qc4 Qc6 30. Rfc1 Qg6 31. Kh1 Kh8 32. Nxc5 Bxc5 33. Qxc5 Rxf3 34. Nxf3 Rxf3 35. Qc2 Rf1+ 36. Rxf1 Qxc2 37. Rf8+ Kh7 38. Rg1 d3 39. Rd8 d2 0-1